Most Beautiful Cities according to ChatGPT - Statistics

General Stats
  • This quiz has been taken 87 times
  • The average score is 12 of 20
Answer Stats
# Answer % Correct
1 Paris
95%
15 New York
89%
10 Rome
88%
9 Tokyo
87%
4 Barcelona
79%
19 Madrid
75%
2 Sydney
74%
6 Amsterdam
70%
18 Berlin
68%
11 Rio de Janeiro
66%
3 Venice
64%
14 Istanbul
61%
13 Florence
50%
8 Prague
47%
7 San Francisco
46%
5 Cape Town
43%
20 Bangkok
39%
12 Bali
9%
17 Quebec City
9%
16 Dubrovnik
8%
No matching quizzes found
Score Distribution
Percent of People with Each Score
Percentile by Number Answered
Your Score History
You have not taken this quiz